The face of terror : (Record no. 143140)
[ view plain ]
| 000 -LEADER | |
|---|---|
| fixed length control field | 00677nam a22001937a 4500 |
| 005 - DATE AND TIME OF LATEST TRANSACTION | |
| control field | 20170808112833.0 |
| 010 ## - LCCN (DPL NO) | |
| LC control number | ENG-119533 |
| 020 ## - INTERNATIONAL STANDARD BOOK NUMBER | |
| International Standard Book Number | 9789386720009 |
| Terms of availability | 1495.00 |
| 035 ## - SYSTEM CONTROL NUMBER | |
| System control number | EN-103065 |
| 037 ## - SOURCE OF ACQUISITION | |
| Source of stock number/acquisition | DBAD/PUB |
| 082 ## - DEWEY DECIMAL CLASSIFICATION NUMBER | |
| Classification number | 303.625 |
| 245 ## - TITLE STATEMENT | |
| Title | The face of terror : |
| Statement of responsibility, etc | edited by Rajat Sood |
| Remainder of title | Lashker-e-Taiba, Jaish-e-Mohammed and Al- Qaeda Nexus/ |
| 260 ## - PUBLICATION, DISTRIBUTION, ETC. (IMPRINT) | |
| Place of publication, distribution, etc | Ghaziabad |
| Name of publisher, distributor, etc | Rathore Publishers and Distributors |
| Date of publication, distribution, etc | 2018 |
| 270 ## - ADDRESS | |
| Address | Basement-260,Shaktikhand -III,Indirapuram |
| City | Ghaziabad |
| Postal code | 201010 |
| 300 ## - PHYSICAL DESCRIPTION | |
| Extent | viii,284p. |
| Dimensions | 22cm(Hb) |
| 500 ## - GENERAL NOTE | |
| General note | Includes bibliographical references and index |
| 700 ## - ADDED ENTRY--PERSONAL NAME | |
| Personal name | Sood, Rajat |
| 942 ## - ADDED ENTRY ELEMENTS (KOHA) | |
| Source of classification or shelving scheme | Dewey Decimal Classification |
| Item type | English Books |
| Classification part | 303.625 |
| Call number suffix | THE |
| Withdrawn status | Lost status | Not for loan | Collection code | Home library | Current library | Date acquired | Source of acquisition | Cost, normal purchase price | Full call number | Barcode | Copy number | Cost, replacement price | Koha item type |
|---|---|---|---|---|---|---|---|---|---|---|---|---|---|
| Non-fiction | Central Jail Tihar | Central Jail Tihar | 08/08/2017 | DBAD/PUB | 1495.00 | 303.625 THE | EN-103065 | 1 | 1495.00 | English Books |
